"Poslucháč chce objavovať" s Theodorom Guschlbauerom

Bibliographic Details
Main Authors: Guschlbauer, Theodor (Author), Horváthová, Božena (Author)
Format: Article
Language:Slovak
PhysicalDescription:Fot. 1.
Subjects:

MARC

LEADER 00000nab a2200000 a 4500
001 vtls000451839
003 SK-MaSNL
005 20260304080619.0
008 250424c1992 xo 0 slo
015 |a SNBRB19rr/mm-uuuuu 
035 |a CL0451970 
035 |a urn:nbn:sk:snk-ab224x 
035 |a (urnnbn)urn:nbn:sk:snk:ar-a01fpp 
035 |a (uuid)0c0f8441-86b3-4529-a187-35edf08d3d05 
040 |a SNKBUCL  |b slo  |c SNKBUCL  |e AACR2 
041 0 |a slo 
044 |a xo  |c SK 
080 |a 78.071.2  |2 1981 
080 |a 929 Guschlbauer, Theodor  |2 1981 
100 1 |a Guschlbauer, Theodor  |4 aut  |9 1285250 
245 1 0 |a "Poslucháč chce objavovať" s Theodorom Guschlbauerom  |c Theodor Guschlbauer, Božena Horváthová 
300 |b Fot. 1. 
600 1 7 |a Guschlbauer, Theodor  |d 1939-  |x hosťovanie - Bratislava - r. 1992 - rozhovory  |2 snkbucl  |9 1368146 
655 7 |a články z novín a časopisov  |2 snkbucl  |9 267496 
700 1 |a Horváthová, Božena  |4 aut  |9 6519 
773 0 |t Hudobný život 92  |g Roč. 24, č. 4 (1992), s. 3 
850 |a Slovenská národná knižnica 
852 |a Slovenská národná knižnica 
954 |a odborná, vedecká literatúra pôvodná (slovenská)  |2 lita 
957 |a 5100 
958 |a article27 
958 |a OND 
958 |a RK 
958 |a EUIPO 
992 |a RBX 
999 |c 2787366  |d 2789296